000
00324pab a2200145 454500
008
180718b1997 xxu||||| |||| 00| 0 eng d
100
_a
Basu, Chitta
245
_a
Pioneer of Indian planning
260
_c
1997
300
_a
p.7-8,17
362
_a
Oct
650
_a
Economic planning
773
_a
Yojana
909
_a
35565
999
_c
35565
_d
35565